Hra / (Záznam č. 34124)
| 000 -Návěští | |
|---|---|
| Řídící pole kódované 24B | 01884nam a2200385 i 4500 |
| 001 - Kontrolní číslo | |
| Řídící pole proměnné | 5221978 |
| 003 - Identifikátor kontrolního čísla | |
| Řídící pole proměnné | CZ PrSKC |
| 005 - Datum posledního zpracování | |
| Řídící pole 16B | 20260401092149.0 |
| 007 - Pole pevné délky pro fyzický popis | |
| Řídící pole kódované | ta |
| 008 - Údaje pevné délky | |
| Řídící pole kódované 40B | 260323s2026 xr g 000 f cze |
| 020 ## - ISBN | |
| ISBN | 9788026770237 |
| Dostupnost | Kč 549,00 |
| 040 ## - Zdroj katalogizace-agentura | |
| Agentura původní katalogizace | ABG001 |
| Jazyk katalogizace | cze |
| Použitá pravidla popisu | rda |
| 041 1# - Kód jazyka | |
| Kód jazyka textu/zvuku, mezititulků | cze |
| Kód jazyka originálu | fre |
| 072 #7 - Kód předmětové kategorie - Konspekt | |
| Předmětová kategorie | 821.133.1 |
| Zpřesnění předmětové kategorie | Francouzská literatura, francouzsky psaná |
| Zdroj předmětové klasifikace | Konspekt |
| 080 ## - MDT | |
| Klasifikační znak MDT | 821.133.1-31 |
| Idetifikátor vydání MDT | MRF |
| 080 ## - MDT | |
| Klasifikační znak MDT | (0:82-312.4) |
| Idetifikátor vydání MDT | MRF |
| 100 1# - Hlavní záhlaví - osobní jméno autora | |
| Osobní jméno | Minier, Bernard, |
| Datumy související se jménem | 1960- |
| Kód role | aut |
| 9 (RLIN) | 6744 |
| 240 10 - Unifikovaný název | |
| Unifikovaný název | <a href="H.">H.</a> |
| Jazyk díla | Česky |
| 245 10 - Údaje o názvu | |
| Název | Hra / |
| Údaj o odpovědností, atd. | Bernard Minier ; překlad Blanka Carrière |
| 250 ## - Údaje o vydání | |
| Označení vydání | První vydání |
| 264 #1 - Nakladatelské údaje | |
| Místo vydání | Praha : |
| Nakladatel | XYZ, |
| Rok vydání | 2026 |
| 300 ## - Fyzický popis | |
| Rozsah | 509 stran ; |
| Rozměry | 21 cm |
| 500 ## - Všeobecná poznámka | |
| Text obecné poznámky | Přeloženo z francouzštiny |
| 520 2# - Anotace | |
| Anotace, atd. | Další román z kultovní série úspěšného francouzského autora, ve kterém po patnácti letech začíná opět řádit brutální sériový vrah. Nebo je realita uměle zkreslená médii a sociálními sítěmi? |
| Rozšířený text anotace | Když se na internetu začne šířit true crime podcast o nepolapitelném sériovém vrahovi Julianu Hirtmannovi, brzy se kolem jeho příběhu vytvoří mrazivý kult. Miliony posluchačů, blogerů a amatérských vyšetřovatelů pátrají po detailech jeho zločinů - a jejich posedlost živí novou vlnu strachu. V okamžiku, kdy začnou mizet mladé ženy, vrací se komisař Martin Servaz do akce. Stopy vedou do minulosti, a zároveň do světa, kde se realita ztrácí v mediálním šumu. Nakladatelská anotace. Kráceno. |
| 655 #7 - Rejstříkový termín - žánr/forma | |
| Žánr/forma či základní termín | francouzské romány |
| -- | 247 |
| 655 #7 - Rejstříkový termín - žánr/forma | |
| Žánr/forma či základní termín | detektivní romány |
| 655 #7 - Rejstříkový termín - žánr/forma | |
| Žánr/forma či základní termín | thrillery (romány) |
| -- | 20 |
| 655 #9 - Rejstříkový termín - žánr/forma | |
| Žánr/forma či základní termín | French fiction |
| -- | 248 |
| 655 #9 - Rejstříkový termín - žánr/forma | |
| Žánr/forma či základní termín | detective novels |
| 655 #9 - Rejstříkový termín - žánr/forma | |
| Žánr/forma či základní termín | thrillers (novels) |
| -- | 125 |
| 700 1# - Vedlejší záhlaví - osobní jméno autora | |
| Osobní jméno | Carrière, Blanka, |
| Datumy související se jménem | 1973- |
| Kód role | trl |
| 9 (RLIN) | 18453 |
| 710 2# - Vedlejší záhlaví - jméno korporativního autora | |
| Jméno korporace nebo jurisdikce | XYZ (nakladatelství) |
| Kód role | pbl |
| 9 (RLIN) | 20470 |
| 910 ## - Údaje o vlastníkovi jednotky (exempláře) | |
| Sigla vlastníka jednotky | ABG508 |
| Stav ztráty | Zdroj klasifikace pro skladování | Stav poškození |
|---|---|---|
| Universal Decimal Classification |